000 00367nam a22001577a 4500
003 OSt
008 240112b |||||||| |||| 00| 0 eng d
020 _a9781718501966
082 _a332.25968 NIP
100 _aNIKKEL,Bruce
245 _aPractical Linux Forensics
250 _a2nd printing
260 _bNo Starch Press
_c2022
300 _a368
942 _2ddc
_cREF
999 _c12160
_d12160